| 000 | 00325nam a2200121Ia 4500 | ||
|---|---|---|---|
| 008 | 230907s9999||||xx |||||||||||||| ||und|| | ||
| 082 |
_a891.4397 _bASH |
||
| 245 | 0 | _aتوتا کہانی ، Tota kahani / | |
| 260 |
_aSang-E-Meel Publications, _bLahore : _c2015 |
||
| 300 | _a496 p. | ||
| 650 | _aUrdu Literature | ||
| 942 | _cBK | ||
| 999 |
_c599703 _d599703 |
||